[Event "Santiago de Cuba Province-ch tt"]
[Site "Santiago de Cuba"]
[Date "2018.10.11"]
[Round "4.3"]
[White "Chala Salas, Daniel Enrique"]
[Black "Reyes Perez, Rafael"]
[Result "1-0"]
[WhiteElo "1908"]
[BlackElo "1913"]
[PlyCount "45"]
[EventDate "2018.10.09"]
[EventType "team-tourn"]
[EventRounds "10"]
[EventCountry "CUB"]
[SourceTitle "EXT 2021"]
[Source "ChessBase"]
[SourceDate "2020.10.23"]
[SourceVersion "1"]
[SourceVersionDate "2020.10.23"]
[SourceQuality "1"]

1. e4 e5 2. Nf3 Nc6 3. Bc4 Nf6 4. d3 Bc5 5. Bg5 h6 6. Bh4 g5 7. Bg3 d6 8. h3 Bd7 9. a3 a5 10. c3 Qe7 11. Nbd2 a4 12. Nf1 Nd8 13. Ne3 c6 14. d4 exd4 15. cxd4 Nxe4 16. dxc5 Nxg3 17. Qd4 0-0 18. cxd6 Qe4 19. fxg3 Re8 20. Qxe4 Rxe4 21. Kf2 b5 22. Bd3 Re8 23. Nf5 1-0

[Event "Santiago de Cuba Province-ch tt"]
[Site "Santiago de Cuba"]
[Date "2018.10.10"]
[Round "2.2"]
[White "Lopez Paneque, Alberto Arael"]
[Black "Reyes Perez, Rafael"]
[Result "1/2-1/2"]
[WhiteElo "1950"]
[BlackElo "1913"]
[PlyCount "32"]
[EventDate "2018.10.09"]
[EventType "team-tourn"]
[EventRounds "10"]
[EventCountry "CUB"]
[SourceTitle "EXT 2021"]
[Source "ChessBase"]
[SourceDate "2020.10.23"]
[SourceVersion "1"]
[SourceVersionDate "2020.10.23"]
[SourceQuality "1"]

1. e4 e5 2. Nf3 Nc6 3. Bb5 a6 4. Ba4 Nf6 5. 0-0 Be7 6. Re1 b5 7. Bb3 0-0 8. c3 d5 9. exd5 Nxd5 10. Nxe5 Nxe5 11. Rxe5 c6 12. d4 Bd6 13. Re2 Qh4 14. g3 Qh3 15. Nd2 Bg4 16. f3 Bh5 1/2-1/2

[Event "Santiago de Cuba Province-ch tt"]
[Site "Santiago de Cuba"]
[Date "2018.10.10"]
[Round "3.2"]
[White "Reyes Perez, Rafael"]
[Black "Rodriguez Ruiz, Jose Manuel"]
[Result "1/2-1/2"]
[WhiteElo "1913"]
[BlackElo "1894"]
[PlyCount "34"]
[EventDate "2018.10.09"]
[EventType "team-tourn"]
[EventRounds "10"]
[EventCountry "CUB"]
[SourceTitle "EXT 2021"]
[Source "ChessBase"]
[SourceDate "2020.10.23"]
[SourceVersion "1"]
[SourceVersionDate "2020.10.23"]
[SourceQuality "1"]

1. e4 c5 2. Nf3 Nc6 3. d3 e5 4. g3 Be7 5. Bg2 h5 6. Nc3 h4 7. Nd5 hxg3 8. hxg3 Rxh1+ 9. Bxh1 d6 10. c3 Be6 11. Ne3 Nf6 12. Ng5 Qd7 13. Nxe6 fxe6 14. Bd2 0-0-0 15. Qa4 d5 16. 0-0-0 Kb8 17. Bg2 Rh8 1/2-1/2

[Event "Santiago de Cuba Province-ch final"]
[Site "Santiago de Cuba"]
[Date "2018.09.30"]
[Round "8"]
[White "Reyes Perez, Rafael"]
[Black "Villalon Toledano, Saily"]
[Result "1-0"]
[WhiteElo "1913"]
[BlackElo "1648"]
[PlyCount "103"]
[EventDate "2018.09.26"]
[EventType "swiss"]
[EventRounds "9"]
[EventCountry "CUB"]
[SourceTitle "EXT 2021"]
[Source "ChessBase"]
[SourceDate "2020.10.23"]
[SourceVersion "1"]
[SourceVersionDate "2020.10.23"]
[SourceQuality "1"]

1. e4 d5 2. exd5 Qxd5 3. Nc3 Qa5 4. Nf3 c6 5. h3 Nf6 6. d4 Bf5 7. Bd2 Qc7 8. Bc4 e6 9. 0-0 Be7 10. Re1 0-0 11. g4 Bg6 12. Ne5 Nbd7 13. Nxg6 hxg6 14. Qf3 Bd6 15. Ne2 Nb6 16. Bd3 Nbd5 17. c4 Nb4 18. Bb1 c5 19. Bc3 Qc6 20. d5 exd5 21. g5 Nh7 22. a3 Na6 23. cxd5 Qd7 24. h4 Nc7 25. Ba2 Nb5 26. Rad1 Nxc3 27. Nxc3 Rfe8 28. Bb1 Rxe1+ 29. Rxe1 Re8 30. Rxe8+ Qxe8 31. Qe4 Qxe4 32. Nxe4 Be5 33. b3 b6 34. Bd3 Kf8 35. Kg2 Ke7 36. Nd2 Kd6 37. Be4 b5 38. a4 a6 39. axb5 axb5 40. Nb1 b4 41. Nd2 Bf4 42. Nc4+ Kd7 43. Kf3 Bb8 44. Ke3 Nf8 45. f4 Bc7 46. Kf3 f5 47. Bd3 Bb8 48. h5 Kd8 49. Ne5 Bxe5 50. fxe5 Nd7 51. Kf4 gxh5 52. Bxf5 1-0

[Event "Santiago de Cuba Province-ch Mix4"]
[Site "Santiago de Cuba"]
[Date "2018.09.23"]
[Round "7"]
[White "Reyes Perez, Rafael"]
[Black "Blanco Hechavarria, Gerardo"]
[Result "1/2-1/2"]
[WhiteElo "1913"]
[BlackElo "1919"]
[PlyCount "86"]
[EventDate "2018.09.19"]
[EventType "tourn"]
[EventRounds "10"]
[EventCountry "CUB"]
[SourceTitle "EXT 2021"]
[Source "ChessBase"]
[SourceDate "2020.10.23"]
[SourceVersion "1"]
[SourceVersionDate "2020.10.23"]
[SourceQuality "1"]

1. e4 e6 2. d3 c5 3. Nf3 Nc6 4. g3 d6 5. Bg2 Nf6 6. 0-0 Be7 7. Re1 Qc7 8. c3 0-0 9. a4 b6 10. e5 dxe5 11. Nxe5 Bb7 12. Nc4 Rad8 13. Nba3 Qc8 14. Qe2 Qa8 15. Ne3 Ne5 16. Nd5 Bxd5 17. Bxd5 Rxd5 18. c4 Nxd3 19. cxd5 Nxe1 20. Qxe1 Qxd5 21. Nb5 a6 22. Nc3 Qc4 23. Bf4 Qb4 24. Qe2 Ra8 25. Qf3 Ra7 26. Qe2 h6 27. Rd1 c4 28. Rd4 b5 29. axb5 axb5 30. Rd2 Ra1+ 31. Kg2 Qc5 32. Qf3 Ra6 33. Qb7 Rb6 34. Qa8+ Kh7 35. Be3 Qc6+ 36. Qxc6 Rxc6 37. Nxb5 Nd5 38. Bd4 Kg6 39. f4 Bc5 40. Kf3 h5 41. Bxc5 Rxc5 42. Nd6 c3 43. bxc3 Rxc3+ 1/2-1/2

[Event "Santiago de Cuba Province-ch Mix4"]
[Site "Santiago de Cuba"]
[Date "2018.09.20"]
[Round "3"]
[White "Reyes Perez, Rafael"]
[Black "Zamora Pena, Norbel"]
[Result "1-0"]
[WhiteElo "1913"]
[BlackElo "1904"]
[PlyCount "75"]
[EventDate "2018.09.19"]
[EventType "tourn"]
[EventRounds "10"]
[EventCountry "CUB"]
[SourceTitle "EXT 2021"]
[Source "ChessBase"]
[SourceDate "2020.10.23"]
[SourceVersion "1"]
[SourceVersionDate "2020.10.23"]
[SourceQuality "1"]

1. e4 d6 2. d4 Nf6 3. Nc3 Nbd7 4. f4 g6 5. Nf3 Bg7 6. Bd3 e5 7. dxe5 dxe5 8. fxe5 Ng4 9. Bg5 f6 10. exf6 Bxf6 11. Bxf6 Qxf6 12. Nd5 Qd8 13. Qd2 c6 14. Ne3 Nxe3 15. Qxe3 Qa5+ 16. c3 Qc5 17. Qe2 Ne5 18. Nxe5 Qxe5 19. 0-0 Be6 20. a4 0-0-0 21. a5 Rd7 22. a6 b6 23. Rad1 h5 24. h3 Rhd8 25. Kh1 Qc5 26. Qf3 Bb3 27. Rd2 Qg5 28. Rdf2 Rf7 29. Qe2 Rxf2 30. Qxf2 c5 31. h4 Qh6 32. Qf6 Ba4 33. Qe6+ Bd7 34. Qd5 Rf8 35. Qa8+ Kc7 36. Qxa7+ Kd8 37. Qb8+ Ke7 38. Qe5+ 1-0

[Event "Santiago de Cuba Province-ch Mix4"]
[Site "Santiago de Cuba"]
[Date "2018.09.19"]
[Round "2"]
[White "Blanco Hechavarria, Gerardo"]
[Black "Reyes Perez, Rafael"]
[Result "1/2-1/2"]
[WhiteElo "1919"]
[BlackElo "1913"]
[PlyCount "25"]
[EventDate "2018.09.19"]
[EventType "tourn"]
[EventRounds "10"]
[EventCountry "CUB"]
[SourceTitle "EXT 2021"]
[Source "ChessBase"]
[SourceDate "2020.10.23"]
[SourceVersion "1"]
[SourceVersionDate "2020.10.23"]
[SourceQuality "1"]

1. d4 Nf6 2. Nf3 d6 3. c4 Nbd7 4. Nc3 e5 5. e4 g6 6. Be2 Bg7 7. d5 0-0 8. Bg5 h6 9. Bh4 g5 10. Bg3 Re8 11. Qc2 a5 12. Nd2 Nc5 13. Nb3 1/2-1/2

[Event "Santiago de Cuba Province-ch Mix4"]
[Site "Santiago de Cuba"]
[Date "2018.09.19"]
[Round "1"]
[White "Reyes Perez, Rafael"]
[Black "Del Rosario Silva, Dexnisi"]
[Result "1-0"]
[WhiteElo "1913"]
[BlackElo "1911"]
[PlyCount "99"]
[EventDate "2018.09.19"]
[EventType "tourn"]
[EventRounds "10"]
[EventCountry "CUB"]
[SourceTitle "EXT 2021"]
[Source "ChessBase"]
[SourceDate "2020.10.23"]
[SourceVersion "1"]
[SourceVersionDate "2020.10.23"]
[SourceQuality "1"]

1. e4 c5 2. Nf3 e6 3. d3 d5 4. Nbd2 Nc6 5. g3 Nf6 6. Bg2 dxe4 7. dxe4 e5 8. 0-0 Be7 9. Re1 0-0 10. c3 Bg4 11. h3 Be6 12. Qc2 h6 13. Nf1 Qc8 14. Kh2 b5 15. Ne3 b4 16. Nh4 Rd8 17. Nef5 Bf8 18. Qe2 c4 19. Qf3 Rd3 20. Nxh6+ gxh6 21. Re3 Rxe3 22. Bxe3 Bg7 23. Bxh6 Bxh6 24. Qxf6 Bg7 25. Qg5 Qd8 26. Qh5 Qf6 27. Nf5 Rd8 28. Rd1 bxc3 29. bxc3 Rd3 30. Qe2 Rxd1 31. Qxd1 Bxf5 32. exf5 Ne7 33. Qd8+ Bf8 34. Be4 Qb6 35. Qd2 Bh6 36. Qe2 Qc5 37. Kg2 Nd5 38. Qg4+ Kf8 39. Qh4 Kg7 40. Qg4+ Kf6 41. Qh4+ Bg5 42. Qh8+ Ke7 43. Qxe5+ Kf8 44. Bxd5 Bf6 45. Qe4 Bxc3 46. Qxc4 Qxc4 47. Bxc4 Kg7 48. f4 Bb4 49. Kf3 Be1 50. g4 1-0

[Event "Guantanamo Guaso-B"]
[Site "Guantanamo"]
[Date "2018.04.21"]
[Round "10"]
[White "Matos Blanco, Pablo"]
[Black "Reyes Perez, Rafael"]
[Result "1-0"]
[WhiteElo "1913"]
[BlackElo "1897"]
[PlyCount "69"]
[EventDate "2018.04.16"]
[EventType "tourn"]
[EventRounds "10"]
[EventCountry "CUB"]
[SourceTitle "EXT 2021"]
[Source "ChessBase"]
[SourceDate "2020.10.23"]
[SourceVersion "1"]
[SourceVersionDate "2020.10.23"]
[SourceQuality "1"]

1. d4 Nf6 2. c4 e6 3. Nc3 Bb4 4. e3 b6 5. Bd3 Bb7 6. f3 Nh5 7. Kf2 Bxc3 8. bxc3 d6 9. g3 f5 10. Ne2 Nd7 11. e4 fxe4 12. fxe4 0-0+ 13. Kg2 e5 14. Be3 Ndf6 15. d5 Ng4 16. Qd2 Qf6 17. Rhf1 Qg6 18. Rf5 Rxf5 19. exf5 Qf7 20. h3 Nxe3+ 21. Qxe3 Nf6 22. g4 c6 23. dxc6 Bxc6+ 24. Kh2 Re8 25. Bc2 Kh8 26. g5 Nh5 27. Rd1 Nf4 28. Ng3 Ng2 29. Qd3 Nh4 30. Rf1 e4 31. Qxd6 Qxc4 32. f6 Qxc3 33. fxg7+ Kxg7 34. Nh5+ Kg8 35. Bb3+ 1-0

[Event "Guantanamo Guaso-B"]
[Site "Guantanamo"]
[Date "2018.04.18"]
[Round "5"]
[White "Reyes Perez, Rafael"]
[Black "Matos Blanco, Pablo"]
[Result "1-0"]
[WhiteElo "1897"]
[BlackElo "1913"]
[PlyCount "49"]
[EventDate "2018.04.16"]
[EventType "tourn"]
[EventRounds "10"]
[EventCountry "CUB"]
[SourceTitle "EXT 2021"]
[Source "ChessBase"]
[SourceDate "2020.10.23"]
[SourceVersion "1"]
[SourceVersionDate "2020.10.23"]
[SourceQuality "1"]

1. e4 c6 2. d3 d5 3. Nd2 e5 4. Ngf3 Bd6 5. g3 Nf6 6. Bg2 0-0 7. 0-0 Bg4 8. h3 Bh5 9. g4 Bg6 10. Re1 Nbd7 11. Nh4 Re8 12. Nf5 Nc5 13. Nf1 dxe4 14. dxe4 Bf8 15. Qf3 Ne6 16. c3 Qc7 17. N1g3 Rad8 18. h4 Nf4 19. h5 Bxf5 20. Nxf5 Rd3 21. Be3 g6 22. hxg6 hxg6 23. Ng3 Nxg2 24. Kxg2 Qd7 25. Qxf6 1-0

[Event "Moncada Cup-G"]
[Site "Santiago de Cuba"]
[Date "2018.03.27"]
[Round "10"]
[White "Reyes Perez, Rafael"]
[Black "Perez Lorenzo, Enmanuel"]
[Result "1-0"]
[WhiteElo "1874"]
[BlackElo "1913"]
[PlyCount "131"]
[EventDate "2018.03.20"]
[EventType "tourn"]
[EventRounds "10"]
[EventCountry "CUB"]
[SourceTitle "EXT 2021"]
[Source "ChessBase"]
[SourceDate "2020.10.23"]
[SourceVersion "1"]
[SourceVersionDate "2020.10.23"]
[SourceQuality "1"]

1. e4 e6 2. d3 d5 3. Nd2 c5 4. g3 Nc6 5. Bg2 Nf6 6. Ngf3 Be7 7. 0-0 0-0 8. Re1 Qc7 9. e5 Nd7 10. c3 Ndxe5 11. Nxe5 Nxe5 12. Nb3 Nc6 13. a4 b6 14. Qg4 a6 15. Bh6 Bf6 16. Bg5 Bxg5 17. Qxg5 Bb7 18. h4 Rac8 19. h5 h6 20. Qe3 Ne7 21. g4 Rfd8 22. d4 Qd6 23. a5 c4 24. Nd2 b5 25. Nf3 Rb8 26. Nh4 Bc8 27. f4 g6 28. f5 g5 29. f6 Nc6 30. Rf1 gxh4 31. Qxh6 Qf8 32. Qg5+ Kh7 33. Qxh4 Bb7 34. g5 Kh8 35. Qg4 Kg8 36. g6 Qh6 37. Rf3 Kf8 38. Re1 Bc8 39. Rg3 e5 40. Qg5 Qxg5 41. Rxg5 e4 42. Re3 Be6 43. Bh3 Rd6 44. g7+ Kg8 45. h6 Kh7 46. Reg3 Rg8 47. Bf5+ Bxf5 48. Rxf5 Nxa5 49. Kf2 Nc6 50. Ke3 Nb8 51. Kf4 Nd7 52. Kg5 a5 53. Rg1 Nb6 54. Re5 Nd7 55. Rf5 Re6 56. Rgf1 e3 57. Re1 e2 58. Rf2 b4 59. Rexe2 Nxf6 60. Rxe6 Ne4+ 61. Rxe4 dxe4 62. Re2 bxc3 63. bxc3 Re8 64. Kf6 Kg8 65. h7+ Kxh7 66. Rh2+ 1-0

[Event "Moncada Cup-G"]
[Site "Santiago de Cuba"]
[Date "2018.03.26"]
[Round "9"]
[White "Zamora Pena, Norbel"]
[Black "Reyes Perez, Rafael"]
[Result "1/2-1/2"]
[WhiteElo "1896"]
[BlackElo "1874"]
[PlyCount "114"]
[EventDate "2018.03.20"]
[EventType "tourn"]
[EventRounds "10"]
[EventCountry "CUB"]
[SourceTitle "EXT 2021"]
[Source "ChessBase"]
[SourceDate "2020.10.23"]
[SourceVersion "1"]
[SourceVersionDate "2020.10.23"]
[SourceQuality "1"]

1. e4 e5 2. Nc3 Nf6 3. Bc4 Nc6 4. d3 Bc5 5. a3 a6 6. Nf3 d6 7. Bg5 h6 8. Bh4 g5 9. Bg3 Bd7 10. Qd2 b5 11. Ba2 Ne7 12. 0-0 Ng6 13. d4 exd4 14. Nxd4 0-0 15. Nf5 Kh7 16. h4 Nxe4 17. Nxe4 Bxf5 18. Bd5 Bxe4 19. Bxe4 gxh4 20. Bf4 f5 21. Bxa8 Qxa8 22. Be3 h3 23. f3 hxg2 24. Rf2 Ne5 25. Bxc5 dxc5 26. Qf4 Qd5 27. Re1 Ng6 28. Qxc7+ Rf7 29. Qh2 Qd4 30. c3 Qf6 31. Rxg2 Nh4 32. Rg3 f4 33. Rh3 Rg7+ 34. Kf1 Nf5 35. Re8 Qf7 36. Re4 Ng3+ 37. Ke1 Qg6 38. Qc2 Nxe4 39. Qxe4 Qxe4+ 40. fxe4 Re7 41. Kf2 Rxe4 42. Rh5 c4 43. a4 Kg6 44. Rc5 Re3 45. axb5 axb5 46. Rxb5 h5 47. Rc5 h4 48. Rxc4 Kg5 49. Rc8 Re6 50. Rg8+ Rg6 51. Rxg6+ Kxg6 52. b4 Kf5 53. b5 Ke5 54. c4 Kd6 55. Kf3 h3 56. Kf2 Kc5 57. Kf3 Kb6 1/2-1/2

[Event "Moncada Cup-G"]
[Site "Santiago de Cuba"]
[Date "2018.03.23"]
[Round "5"]
[White "Perez Lorenzo, Enmanuel"]
[Black "Reyes Perez, Rafael"]
[Result "1-0"]
[WhiteElo "1913"]
[BlackElo "1874"]
[PlyCount "96"]
[EventDate "2018.03.20"]
[EventType "tourn"]
[EventRounds "10"]
[EventCountry "CUB"]
[SourceTitle "EXT 2021"]
[Source "ChessBase"]
[SourceDate "2020.10.23"]
[SourceVersion "1"]
[SourceVersionDate "2020.10.23"]
[SourceQuality "1"]

1. e4 e5 2. Nf3 Nc6 3. Bb5 a6 4. Ba4 Nf6 5. 0-0 b5 6. Bb3 Be7 7. Re1 0-0 8. c3 d5 9. d4 Nxe4 10. dxe5 Be6 11. Be3 Rb8 12. Nbd2 Nxd2 13. Qxd2 Na5 14. Nd4 Nxb3 15. axb3 Ra8 16. b4 Qd7 17. f4 c6 18. Rf1 f5 19. Ra2 Qc8 20. Nxe6 Qxe6 21. Rfa1 Qc8 22. Qd4 Bd8 23. b3 Qb7 24. Kh1 Re8 25. Qd3 g6 26. c4 Be7 27. cxd5 cxd5 28. Bc5 Kf7 29. Bxe7 Rxe7 30. Rc2 Rd8 31. Qd4 Rdd7 32. Rac1 Re6 33. Rc8 Qb6 34. Qc5 Qxc5 35. bxc5 Ree7 36. Rc6 Re6 37. Rd6 Ke7 38. Kg1 b4 39. Kf2 g5 40. g3 gxf4 41. gxf4 Rg6 42. Rxg6 hxg6 43. Ke3 Rc7 44. Kd4 Ke6 45. Ra1 Rh7 46. Rxa6+ Kf7 47. Ra7+ Kg8 48. Rxh7 Kxh7 1-0

[Event "Ciudad Heroe op"]
[Site "Santiago de Cuba"]
[Date "2018.02.21"]
[Round "7"]
[White "Del Rosario Silva, Dexnisi"]
[Black "Reyes Perez, Rafael"]
[Result "0-1"]
[WhiteElo "1942"]
[BlackElo "1874"]
[PlyCount "118"]
[EventDate "2018.02.15"]
[EventType "swiss"]
[EventRounds "7"]
[EventCountry "CUB"]
[SourceTitle "EXT 2021"]
[Source "ChessBase"]
[SourceDate "2020.10.23"]
[SourceVersion "1"]
[SourceVersionDate "2020.10.23"]
[SourceQuality "1"]

1. d4 Nf6 2. Bf4 e6 3. e3 b6 4. Nf3 Bb7 5. Bd3 Be7 6. Nbd2 d6 7. 0-0 Nbd7 8. Bg3 Nh5 9. e4 0-0 10. e5 Nxg3 11. hxg3 f5 12. Re1 d5 13. Nb1 c5 14. Nc3 c4 15. Bf1 a6 16. a4 Bb4 17. Qd2 h6 18. Reb1 Rc8 19. Qe3 g5 20. Na2 a5 21. c3 Be7 22. b4 axb4 23. Nxb4 Qe8 24. Nc2 Ba8 25. Na3 Qh5 26. Be2 g4 27. Ne1 Bg5 28. f4 gxf3 29. Qxf3 Qg6 30. Nb5 f4 31. gxf4 Rxf4 32. Qh5 Qe4 33. Bf3 Qe3+ 34. Kf1 Rcf8 35. Rb2 Rh4 36. Re2 Rxh5 37. Rxe3 Bxe3 38. Ke2 Rxf3 39. Nxf3 Bf4 40. g4 Rh3 41. Nc7 Bc6 42. Nxe6 Bg5 43. a5 bxa5 44. Rxa5 Nf8 45. Nxf8 Kxf8 46. Ra6 Be8 47. Ra7 Rg3 48. Ra5 Rxg4 49. Rxd5 Re4+ 50. Kf2 Rf4 51. Kg3 Rxf3+ 52. Kxf3 Bc6 53. Ke4 Bd2 54. e6 Ke7 55. Ke5 Bf4+ 56. Kxf4 Bxd5 57. Kf5 Bxe6+ 58. Kg6 Kd6 59. Kxh6 Kd5 0-1

[Event "Ciudad Heroe op"]
[Site "Santiago de Cuba"]
[Date "2018.02.20"]
[Round "6"]
[White "Reyes Perez, Rafael"]
[Black "Perez Lorenzo, Enmanuel"]
[Result "0-1"]
[WhiteElo "1874"]
[BlackElo "1913"]
[PlyCount "74"]
[EventDate "2018.02.15"]
[EventType "swiss"]
[EventRounds "7"]
[EventCountry "CUB"]
[SourceTitle "EXT 2021"]
[Source "ChessBase"]
[SourceDate "2020.10.23"]
[SourceVersion "1"]
[SourceVersionDate "2020.10.23"]
[SourceQuality "1"]

1. e4 e6 2. d3 d5 3. Nd2 c5 4. Ngf3 Nc6 5. g3 Bd6 6. Bg2 Nge7 7. 0-0 0-0 8. Re1 f6 9. c3 d4 10. Nc4 e5 11. a4 b6 12. h3 Be6 13. Qc2 a6 14. g4 Bc7 15. cxd4 cxd4 16. Bd2 Qd7 17. Rec1 Rfc8 18. Qd1 b5 19. axb5 axb5 20. Rxa8 Rxa8 21. Na3 Na5 22. Nxb5 Qxb5 23. Rxc7 Nac6 24. b4 Qb6 25. Rxe7 Nxe7 26. g5 Qa6 27. Qc2 Qa1+ 28. Kh2 Rc8 29. Bc3 dxc3 30. gxf6 gxf6 31. d4 Qb2 32. Qa4 c2 33. Qa6 Qa2 34. Qd6 c1Q 35. d5 Qf4+ 36. Kg1 Rc1+ 37. Bf1 Rxf1+ 0-1

[Event "Ciudad Heroe op"]
[Site "Santiago de Cuba"]
[Date "2018.02.18"]
[Round "4"]
[White "Reyes Perez, Rafael"]
[Black "Robles Cordero, David Rafael"]
[Result "1-0"]
[WhiteElo "1874"]
[BlackElo "1968"]
[PlyCount "33"]
[EventDate "2018.02.15"]
[EventType "swiss"]
[EventRounds "7"]
[EventCountry "CUB"]
[SourceTitle "EXT 2021"]
[Source "ChessBase"]
[SourceDate "2020.10.23"]
[SourceVersion "1"]
[SourceVersionDate "2020.10.23"]
[SourceQuality "1"]

1. e4 e5 2. Nf3 Nc6 3. d4 exd4 4. Bc4 Be7 5. c3 dxc3 6. Qb3 Nf6 7. Bxf7+ Kf8 8. e5 Ng4 9. 0-0 Ngxe5 10. Bd5 Nxf3+ 11. Bxf3 d6 12. Nxc3 Nd4 13. Qd1 Nxf3+ 14. Qxf3+ Kg8 15. Qd5+ Kf8 16. Re1 g6 17. Bh6+ 1-0

[Event "Adelquis Remon Memorial-G"]
[Site "Holguin"]
[Date "2017.11.07"]
[Round "10.1"]
[White "Reyes Perez, Rafael"]
[Black "Martinez Mulet, Dario Leonel"]
[Result "1/2-1/2"]
[WhiteElo "1947"]
[BlackElo "1877"]
[PlyCount "82"]
[EventDate "2017.11.02"]
[EventType "tourn"]
[EventRounds "10"]
[EventCountry "CUB"]
[SourceTitle "EXT 2023"]
[Source "ChessBase"]
[SourceDate "2022.10.05"]
[SourceVersion "1"]
[SourceVersionDate "2022.10.05"]
[SourceQuality "1"]

1. e4 c6 2. d3 d5 3. Nd2 e5 4. Ngf3 Bd6 5. g3 Nf6 6. Bg2 0-0 7. 0-0 Re8 8. Re1 Nbd7 9. Nf1 a5 10. a4 h6 11. b3 Nc5 12. exd5 cxd5 13. Bb2 d4 14. N1d2 Qc7 15. Nc4 Bg4 16. h3 Bh5 17. g4 Bg6 18. Nxd6 Qxd6 19. Qe2 e4 20. dxe4 Rxe4 21. Qd2 d3 22. Ne5 Rxe1+ 23. Rxe1 Re8 24. Nxd3 Rxe1+ 25. Qxe1 Nxd3 26. cxd3 Qxd3 27. Qe3 Qd7 28. Qb6 Ne4 29. Qd4 Qxd4 30. Bxd4 Nd2 31. Bxb7 Nxb3 32. Be3 Bc2 33. Bc6 Kf8 34. f3 Ke7 35. Be4 Bxe4 36. fxe4 Kd6 37. Kf2 Nc5 38. Kf3 Nxa4 39. Bd2 Nc5 40. Bxa5 Ne6 41. h4 Nd4+ 1/2-1/2

[Event "Adelquis Remon Memorial-G"]
[Site "Holguin"]
[Date "2017.11.03"]
[Round "4.1"]
[White "Reyes Perez, Rafael"]
[Black "Vazquez Matos, Miguel"]
[Result "0-1"]
[WhiteElo "1947"]
[BlackElo "1929"]
[PlyCount "138"]
[EventDate "2017.11.02"]
[EventType "tourn"]
[EventRounds "10"]
[EventCountry "CUB"]
[SourceTitle "EXT 2023"]
[Source "ChessBase"]
[SourceDate "2022.10.05"]
[SourceVersion "1"]
[SourceVersionDate "2022.10.05"]
[SourceQuality "1"]

1. e4 e6 2. d3 c5 3. Nf3 Nc6 4. g3 g6 5. Bg2 Bg7 6. c3 Nge7 7. 0-0 d5 8. Nbd2 0-0 9. Re1 Qc7 10. Qe2 Bd7 11. e5 b5 12. d4 cxd4 13. Nxd4 Nxe5 14. Nxb5 Bxb5 15. Qxb5 Rab8 16. Qe2 Rbc8 17. h4 h5 18. Nf1 Qc4 19. Bf4 Qxe2 20. Rxe2 Nc4 21. Rd1 Nf5 22. Bc1 Rfd8 23. Ne3 Ncxe3 24. Bxe3 Rd7 25. Bh3 Rb7 26. Bxf5 gxf5 27. Bc1 Rc4 28. Kg2 a5 29. Be3 a4 30. a3 Rc8 31. Bd4 Bf8 32. Be5 Rc4 33. Rd4 Rxd4 34. cxd4 Bg7 35. Rc2 Bxe5 36. dxe5 Rb3 37. f3 Kg7 38. f4 Kg6 39. Kf2 Kg7 40. Rd2 f6 41. Rc2 fxe5 42. fxe5 Kg6 43. Rc6 f4 44. Rxe6+ Kf5 45. Rf6+ Kxe5 46. Rxf4 Rxb2+ 47. Kf1 d4 48. Rf8 Ke4 49. Ke1 Rb3 50. Re8+ Kf3 51. Rd8 Ke3 52. Re8+ Kd3 53. Re5 Rxa3 54. Rxh5 Ra1+ 55. Kf2 a3 56. Ra5 Ke4 57. h5 Ra2+ 58. Ke1 d3 59. Kd1 Ke3 60. Re5+ Kd4 61. Ra5 Kc3 62. Rc5+ Kb4 63. Rc8 Rg2 64. Rb8+ Kc5 65. Ra8 a2 66. h6 a1Q+ 67. Rxa1 Rg1+ 68. Kd2 Rxa1 69. g4 Rg1 0-1

[Event "Moncada Cup"]
[Site "Santiago de Cuba"]
[Date "2017.03.23"]
[Round "4.2"]
[White "Rodriguez Perez, Carlos"]
[Black "Reyes Perez, Rafael"]
[Result "0-1"]
[WhiteElo "1923"]
[BlackElo "1933"]
[PlyCount "58"]
[EventDate "2017.03.21"]
[EventType "swiss"]
[EventRounds "10"]
[EventCountry "CUB"]
[SourceTitle "EXT 2023"]
[Source "ChessBase"]
[SourceDate "2022.10.05"]
[SourceVersion "1"]
[SourceVersionDate "2022.10.05"]
[SourceQuality "1"]

1. e4 e5 2. Nf3 Nc6 3. Bb5 Nf6 4. 0-0 Nxe4 5. d4 Nd6 6. Bxc6 dxc6 7. dxe5 Nf5 8. Qxd8+ Kxd8 9. Nc3 Be7 10. Ne4 Be6 11. Neg5 Bxg5 12. Bxg5+ Kc8 13. Rfd1 h6 14. Bf4 b6 15. Rd2 Kb7 16. Rad1 a5 17. a3 g5 18. Bg3 c5 19. h4 Rag8 20. b3 Ne7 21. c4 Nc6 22. Rc1 a4 23. Rb2 axb3 24. Rxb3 g4 25. Ne1 Nd4 26. Rb2 Ra8 27. Nd3 Kc6 28. Rc3 Ra4 29. Rd2 Rha8 0-1